Database System Concepts (Record no. 62135)
[ view plain ]
| 000 -LEADER | |
|---|---|
| fixed length control field | 00711nam a22002177a 4500 |
| 003 - CONTROL NUMBER IDENTIFIER | |
| control field | NUST-PNEC |
| 005 - DATE AND TIME OF LATEST TRANSACTION | |
| control field | 20170116180739.0 |
| 008 - FIXED-LENGTH DATA ELEMENTS--GENERAL INFORMATION | |
| fixed length control field | 141211b xxu||||| |||| 00| 0 eng d |
| 020 ## - INTERNATIONAL STANDARD BOOK NUMBER | |
| International Standard Book Number | 007124476X |
| 040 ## - CATALOGING SOURCE | |
| Transcribing agency | PNEC |
| 082 ## - DEWEY DECIMAL CLASSIFICATION NUMBER | |
| Classification number | 005.74 SIL |
| 100 ## - MAIN ENTRY--PERSONAL NAME | |
| 9 (RLIN) | 1104 |
| Personal name | Silberschatz Abraham |
| 245 ## - TITLE STATEMENT | |
| Title | Database System Concepts |
| Statement of responsibility, etc. | Abraham silberschatz |
| 250 ## - EDITION STATEMENT | |
| Edition statement | 5th ed |
| 260 ## - PUBLICATION, DISTRIBUTION, ETC. | |
| Place of publication, distribution, etc. | New York |
| Name of publisher, distributor, etc. | McGraw-Hill Companies |
| Date of publication, distribution, etc. | c.2006 |
| 300 ## - PHYSICAL DESCRIPTION | |
| Extent | xvvi, 1142 p. : |
| Other physical details | Ill. ; |
| Dimensions | 23 cm. |
| 500 ## - GENERAL NOTE | |
| General note | Includes index. |
| 654 ## - SUBJECT ADDED ENTRY--FACETED TOPICAL TERMS | |
| General subdivision | MIC, Computer |
| 856 ## - ELECTRONIC LOCATION AND ACCESS | |
| Uniform Resource Identifier | <a href="http://www.amazon.com/Database-System-Concepts-Abraham-Silberschatz/dp/007124476X/ref=sr_1_1?ie=UTF8&qid=1418289807&sr=8-1&keywords=007124476X">http://www.amazon.com/Database-System-Concepts-Abraham-Silberschatz/dp/007124476X/ref=sr_1_1?ie=UTF8&qid=1418289807&sr=8-1&keywords=007124476X</a> |
| 942 ## - ADDED ENTRY ELEMENTS (KOHA) | |
| Source of classification or shelving scheme | |
| Koha item type | Book |
| Withdrawn status | Lost status | Source of classification or shelving scheme | Damaged status | Not for loan | Permanent Location | Current Location | Shelving location | Date acquired | Source of acquisition | Cost, normal purchase price | Total Checkouts | Full call number | Barcode | Date last seen | Cost, replacement price | Price effective from | Koha item type |
|---|---|---|---|---|---|---|---|---|---|---|---|---|---|---|---|---|---|
| Pakistan Navy Engineering College (PNEC) | Pakistan Navy Engineering College (PNEC) | 06/21/2008 | Library / Reference Grant | 578.46 | 005.74 SIL | PNECLIB-028691 | 12/11/2014 | 578.46 | 06/21/2008 | Book |
